Sports Quiz

Random Sports or Baseball Quiz

Chicago White Sox MVP Votes (Since 1990) Quiz Stats

 Plays Quiz not verified by Sporcle

Challenge
Share
Tweet
Embed
Score 0/44 Timer 04:00
1 Play Today
Year Player % Correct
1991Frank Thomas
98.2%
1992Frank Thomas
98.2%
1993Frank Thomas
98.2%
1994Frank Thomas
98.2%
1995Frank Thomas
98.2%
1996Frank Thomas
98.2%
1997Frank Thomas
98.2%
2000Frank Thomas
98.2%
2003Frank Thomas
98.2%
2004Paul Konerko
95.3%
2005Paul Konerko
95.3%
2006Paul Konerko
95.3%
2010Paul Konerko
95.3%
2011Paul Konerko
94.9%
2017Jose Abreu
86.7%
2015Jose Abreu
85%
2014Jose Abreu
84.6%
2006Jermaine Dye
81.1%
2008Jermaine Dye
81.1%
2015Chris Sale
80%
2016Chris Sale
79.7%
2000Magglio Ordonez
67.8%
Year Player % Correct
2002Magglio Ordonez
67.8%
2003Magglio Ordonez
67.8%
2006Jim Thome
64.4%
1992Jack McDowell
62.5%
1993Jack McDowell
62.5%
1991Robin Ventura
61.1%
2006AJ Pierzynski
54.9%
1998Albert Belle
52.7%
2008Carlos Quentin
48.9%
1992George Bell
47.8%
1990Ozzie Guillen
47.7%
1990Carlton Fisk
46.6%
2005Scott Podsednik
43.9%
1990Bobby Thigpen
41.7%
2003Carlos Lee
41.4%
2005Jose Contreras
35.2%
2016Adam Eaton
34.2%
2003Esteban Loaiza
32.2%
2012Alex Rios
28.9%
1993Alex Fernandez
24%
1994Jason Bere
13.7%
1994Julio Franco
13.2%

You're not logged in!

Compare scores with friends on all Sporcle quizzes.
Join for Free
OR
Log In

You Might Also Like...

Show Comments

Extras

Top Quizzes Today


Score Distribution

Your Account Isn't Verified!

In order to create a playlist on Sporcle, you need to verify the email address you used during registration. Go to your Sporcle Settings to finish the process.

Report this User

Report this user for behavior that violates our Community Guidelines.

Details: